Un polizón en la maleta /

La abuela de Kerstin gana un premio estupendo: un crucero por el Caribe. A Kerstin le apetece mucho ir, pero no tiene billete. Sin embargo se las ingenia para colarse en el barco... ¿Qué peripecias esperan a este singular polizón? Una divertida novela en la que se refleja la importancia de la amista...

Descripción completa

Guardado en:
Autor Principal: Bieniek, Christian.
Formato: Libro
Idioma:Undetermined
Publicado: Madrid : SM, 2000.
Series:El barco de vapor. Naranja ; 111
Materias:
Etiquetas: Agregar Etiqueta
Sin Etiquetas, Sea el primero en etiquetar este registro!
LEADER 01110nam a22002295a 4500
001 CEM.cems019702
008 221012s2000####sp############000#0#und#d
005 20221107101744.0
245 1 0 |a Un polizón en la maleta /  |c Christian Bieniek. 
260 |a Madrid :  |b SM,  |c 2000. 
300 |a 137 p. ;  |c 20 cm. 
490 1 |a El barco de vapor. Naranja ;  |v 111 
520 |a La abuela de Kerstin gana un premio estupendo: un crucero por el Caribe. A Kerstin le apetece mucho ir, pero no tiene billete. Sin embargo se las ingenia para colarse en el barco... ¿Qué peripecias esperan a este singular polizón? Una divertida novela en la que se refleja la importancia de la amistad y las relaciones interpersonales. 
020 |a 8434860309 
100 1 |a Bieniek, Christian. 
082 0 4 |a 833.9 
653 |a Literatura Infantil 
653 |a Literatura Juvenil 
653 |a Literatura Alemana 
859 |a CEMS  |b BIB. CEMS - Inicial y Primaria  |h 833.9  |i B477  |k IP  |p 1948  |t Ej.1 
859 |a CEMS  |b BIB. CEMS - Inicial y Primaria  |h 833.9  |i B477  |k IP  |p 1949  |t Ej.2 
859 |a CEMS  |b BIB. CEMS - Inicial y Primaria  |h 833.9  |i B477  |k IP  |p 1950  |t Ej.3